| 000 | 01940nam a2200325 i 4500 | ||
|---|---|---|---|
| 999 |
_c3740 _d3740 |
||
| 001 | on1132231365 | ||
| 003 | OCoLC | ||
| 005 | 20241007094709.0 | ||
| 008 | 200123s2020 nyu d 000 1 eng d | ||
| 020 | _a9780241376928 | ||
| 040 |
_aDLC _beng _erda _cFBR _dFBR _dPLS _dOCLCO _dCaOL _dKH8 |
||
| 082 | _aFIC MCM | ||
| 100 | 1 |
_aMcManus, Karen M., _eauthor. |
|
| 245 | 1 | 0 |
_aOne of us is next / _cKaren M. McManus. |
| 246 | 3 | 3 | _a1 of us is next. |
| 264 | 1 |
_aNew York : _bDelacorte Press, _c[2020] |
|
| 264 | 4 | _c©2020. | |
| 300 |
_a375 pages ; _c22 cm. |
||
| 336 |
_atext _btxt _2rdacontent. |
||
| 337 |
_aunmediated _bn _2rdamedia. |
||
| 338 |
_avolume _bnc _2rdacarrier. |
||
| 490 | 1 |
_aOne of us is lying (Series) ; _v2. |
|
| 520 | _aThere's a new mystery to solve at Bayview High, and there's a whole new set of rules. Come on, Bayview, you know you've missed this. A ton of copycat gossip apps have popped up since Simon died, but in the year since the Bayview four were cleared of his shocking death, no one's been able to fill the gossip void quite like he could. The problem is no one has the facts. Until now. This time it's not an app, though -- it's a game. Truth or Dare. Phoebe 's the first target. If you choose not to play, it's a truth. And hers is dark. Then comes Maeve and she should know better -- always choose the dare. But by the time Knox is about to be tagged, things have gotten dangerous. The dares have become deadly, and if Maeve learned anything from Bronwyn last year, it's that they can't count on the police for help. Or protection. Simon's gone, but someone's determined to keep his legacy at Bayview High alive. And this time, there's a whole new set of rules. | ||
| 650 | 0 |
_aGossip _vFiction. |
|
| 650 | 0 |
_aHigh schools _vFiction. |
|
| 650 | 0 |
_aSchools _vFiction. |
|
| 650 | 0 |
_aDetective and mystery fiction. _2genre. |
|
| 830 | 0 |
_aOne of us is lying (Series) ; _v2. |
|
| 942 |
_2ddc _cFIC |
||